Countries that were in WWII - Statistics

General Stats
  • This quiz has been taken 176 times
  • The average score is 23 of 30
Answer Stats
Side Answer % Correct
Axis Germany
97%
Axis Japan
96%
Allied(Comintern) USSR
96%
Allied UK
94%
Allied USA
94%
Allied France
92%
Axis Italy
92%
Allied Canada
88%
Allied China
88%
Allied Australia
87%
Allied Poland
85%
Allied Netherlands
84%
Axis Romania
83%
Allied Belgium
82%
Allied Denmark
81%
Allied Greece
80%
Allied Norway
80%
Axis Hungary
77%
Allied New Zealand
76%
Allied Yugoslavia
76%
Axis Bulgaria
73%
Allied India
69%
Allied Brazil
65%
Allied South Africa
61%
Allied Czechoslovakia
58%
Allied Latvia
56%
Allied Estonia
55%
Allied Lithuania
54%
Allied Malta
26%
Axis Slovakia
26%
No matching quizzes found
Score Distribution
Percent of People with Each Score
Percentile by Number Answered
Your Score History
You have not taken this quiz